Đàm phán trong kinh doanh quốc tế
Những vấn đề cơ bản về đàm phán trong kinh doanh quốc tế. Giới thiệu kỹ thuật đàm phán kinh doanh quốc tế và việc đàm phán kinh doanh quốc tế giữa các nền văn hoá khác nhau
Na minha lista:
| Autor principal: | |
|---|---|
| Formato: | Livro |
| Idioma: | Undetermined |
| Publicado em: |
Hà Nội
Lao động - Xã hội
2010
|
| Assuntos: | |
| Tags: |
Adicionar Tag
Sem tags, seja o primeiro a adicionar uma tag!
|
| Thư viện lưu trữ: | Trung tâm Học liệu Trường Đại học Cần Thơ |
|---|
| LEADER | 00968nam a2200217Ia 4500 | ||
|---|---|---|---|
| 001 | CTU_180535 | ||
| 008 | 210402s9999 xx 000 0 und d | ||
| 020 | |c 95000 | ||
| 082 | |a 658.4052 | ||
| 082 | |b V121 | ||
| 100 | |a Đoàn, Thị Hồng Vân | ||
| 245 | 0 | |a Đàm phán trong kinh doanh quốc tế | |
| 245 | 0 | |c Đòan thị Hồng Vân, Kim Ngọc Đạt (b.s) | |
| 260 | |a Hà Nội | ||
| 260 | |b Lao động - Xã hội | ||
| 260 | |c 2010 | ||
| 520 | |a Những vấn đề cơ bản về đàm phán trong kinh doanh quốc tế. Giới thiệu kỹ thuật đàm phán kinh doanh quốc tế và việc đàm phán kinh doanh quốc tế giữa các nền văn hoá khác nhau | ||
| 650 | |a International economic relations,Negotiation in business,Đàm phán trong kinh doanh | ||
| 904 | |i Hà Trang | ||
| 910 | |a Nguyên | ||
| 980 | |a Trung tâm Học liệu Trường Đại học Cần Thơ | ||